Educational reports, 1859-71, being two notes on the state of education in India, (Record no. 60650)

MARC details
000 -LEADER
fixed length control field 01070cam a22002291 4500
001 - CONTROL NUMBER
control field sa 64008039
003 - CONTROL NUMBER IDENTIFIER
control field DLC
005 - DATE AND TIME OF LATEST TRANSACTION
control field 20260227112051.0
008 - FIXED-LENGTH DATA ELEMENTS--GENERAL INFORMATION
fixed length control field 750604s1960 ii a f000 0 eng
010 ## - LIBRARY OF CONGRESS CONTROL NUMBER
LC control number sa 64008039
035 ## - SYSTEM CONTROL NUMBER
System control number (OCoLC)1372583
040 ## - CATALOGING SOURCE
Original cataloging agency DLC
Transcribing agency NSyU
Modifying agency OCoLC
-- DLC
042 ## - AUTHENTICATION CODE
Authentication code premarc
050 00 - LIBRARY OF CONGRESS CALL NUMBER
Classification number LA1151
Item number .A28 vol. 1
100 1# - MAIN ENTRY--PERSONAL NAME
Personal name Monteath, Alexander M.,
Dates associated with a name -1893.
245 10 - TITLE STATEMENT
Title Educational reports, 1859-71, being two notes on the state of education in India,
Statement of responsibility, etc. compiled by A.M. Monteath in 1862 and 1867, and part two of Education in British India prior to 1854, and in 1870-1871, by A.P. Howell. With a foreword by Prem Kirpal.
260 ## - PUBLICATION, DISTRIBUTION, ETC.
Place of publication, distribution, etc. Delhi,
Name of publisher, distributor, etc. Published for the National Archives of India by the Manager of Publications, Govt. of India,
Date of publication, distribution, etc. 1960.
300 ## - PHYSICAL DESCRIPTION
Extent xiii, 584 p.
Other physical details illus.
Dimensions 25 cm.
440 #0 - SERIES STATEMENT/ADDED ENTRY--TITLE
Title Selections from the educational records of the Government of India,
Volume/sequential designation v.1
650 #0 - SUBJECT ADDED ENTRY--TOPICAL TERM
Topical term or geographic name entry element Education
Geographic subdivision India
General subdivision History.
700 1# - ADDED ENTRY--PERSONAL NAME
Personal name Howell, Arthur Pearse,
Dates associated with a name 1883 or 1884-1911.
Title of a work Education in British India prior to 1854, and in 1870-71.

No items available.

Powered by Koha